00611nam a2200193Ia 4500008004100000020001400041082001600055100002000071245003600091250000800127260003900135300002900174500001900203600002700222650001500249942000700264952013100271999001500402240925s9999 xx 000 0 und d a195117778 a629.832 CHE aChen, Tsong-Chi 0aLinear System Theory and Design a3rd aOxford:bOxford Universityc,1999. axxv,756p.bNAfPhotocopy aIncludes Index aElectronic Engineering aTechnology cBK 001040708ELaUITUbUITUd2005-11-29eKhaliq book Binderg278.20l0o629.832 CHEpQ6512r2024-09-25 07:14:16w2024-09-25yBK c9011d9011